Zlatý darček k narodeninám

Podrobná bibliografia
Médium: Článok
Jazyk:slovenčina
Fyzický popis:Fotogr.
ISSN:1338-659X
Predmet:
On-line prístup:http://roznava.korzar.sme.sk/c/6546904/zlaty-darcek-k-narodeninam.html

MARC

LEADER 00000nab a2200000 a 4500
001 vtls010458702
003 SK-MaSNL
005 20260303093943.0
008 121011c20120927xo dr| 0 0slo
038 |a RVGKPD 
040 |a RVGKPD  |b slo  |c RVGKPD  |e AACR2 
041 |a slo 
044 |a xo  |c SK 
080 |a 796.88  |2 1997 
245 0 0 |a Zlatý darček k narodeninám  |c [autor] (pp) 
300 |b Fotogr. 
600 1 7 |a Völgyák, Jozef,  |d 1951-  |2 rvgkpd  |9 1050488 
650 0 7 |a silový trojboj  |2 rvgkpd  |9 58231 
651 7 |a Rožňava (Slovensko)  |2 rvgkpd  |9 17394 
773 0 |t Korzár : denník Košického kraja  |g Roč. XV, č. 223 (27.9.2012), s. 19  |x 1338-659X 
852 |a RVGKPD  |b KIS3G 
856 4 1 |u http://roznava.korzar.sme.sk/c/6546904/zlaty-darcek-k-narodeninam.html 
992 |a RBX 
999 |c 1818113  |d 1820043